000 00432nam a2200181Ia 4500
008 230711s9999||||xx |||||||||||||| ||und||
020 _a978-93-325-1874-2
041 _aENG
082 _a4.6
_bTA-C
100 _aTanenbaum, Andrew S
245 0 _aComputer network
250 _a5th Ed.
260 _c2014
_aNew Delhi
_bPearson
300 _a804p.
650 _aComputer Engineering
700 _aWetherall,David J
942 _cBK
999 _c6350
_d6350